Components of the czech koruna risk premium in a multiple-dealer FX market

Gespeichert in:
Bibliographische Detailangaben
1. Verfasser: Derviz, Alexis
Format: Buch
Sprache:Englisch
Veröffentlicht: Praha Czech National Bank 2003
Schriftenreihe:Working paper series 4/2003
Schlagworte:
Tags: Tag hinzufügen
Keine Tags, Fügen Sie das erste Tag hinzu!

MARC

LEADER 00000nam$a2200000$$$4500
001 0005531
005 20240503084915.5
041 0 |a eng 
044 |a CZ 
245 1 0 |a Components of the czech koruna risk premium in a multiple-dealer FX market  |c Alexis Derviz 
264 1 |a Praha  |b Czech National Bank  |c 2003 
300 |a 35 s. 
490 1 |a Working paper series  |v 4/2003 
830 0 |a Working paper series  |v 4/2003 
610 2 0 |a Česko 
610 2 0 |a koruna 
610 2 0 |a riziko kurzové 
610 2 0 |a kurz devízový 
610 2 0 |a modely 
100 1 |a Derviz, Alexis